000 00730nam a2200289Ia 4500
005 20260324121838.0
008 008 260324s9999 xx 000 0 eng d
020 _a9781315592275
037 _aEBOOK
040 _aCRL
040 _beng
040 _cCRL
041 _2eng
041 _aeng
084 _qCRL
100 _aEugene Giddens; Zoe Jaques
_91164103
245 0 _aLewis Carroll's Alice's Adventures in Wonderland and Through the Looking-Glass
245 2 _bA Publishing History
260 _bTaylor and Francis
260 _c2013
365 _a
365 _b240
856 _uhttp://www.taylorfrancis.com/books/9781315592275
942 _cEBOOK
999 _c1756453
_d1756453